000 00512nab a2200145Ia 4500
003 ES-SlBCS
005 20210601124602.0
008 140529s1989 xxu||||| |||| 00| 0 eng d
041 _aeng
100 1 _aGreenstein, Theodore
_9145464
245 0 0 _aHuman Capital, Marital and Birth Timing, and the Postnatal Labor Force Participation of Married Women
_c Theodore Greenstein
650 0 4 _aCapital Humano
_9139393
773 0 _tJournal of Family Issues
_gvol. 10, nº. 3, 1989, págs. 359-382
_wRev1405
942 _cAR
999 _c517028
_d517028